000 nam a22 7a 4500
999 _c3669
_d3669
005 20170523145655.0
008 170523b1999 ny ||||| |||| 00| 0 eng d
020 _a2880464188
040 _aAKMAL
082 _a688.7 BYA
090 _a688.7
_bBYA
100 1 _aByars, Mel.
_97257
245 1 0 _a50 sports wares :
_binnovations in design and materials /
_cc Mel Byars ; introduction by Aaron Betsky ; research by Cinzia Anguissola d'AltoƩ ...[et al.] ; technical drawings by Marvin Fein.
260 _aHove :
_bRotoVision,
_c1999
300 _a158p
_ccm
490 1 _aPro-design
500 _aIncludes index.
650 0 _aSporting goods
_xDesign.
_97258
650 0 _aSporting goods
_xTechnological innovations.
_97259
830 0 _a Pro-design
_97260
942 _2ddc
_cBOOK